| 000 | 00686nam a2200229 a 4500 | ||
|---|---|---|---|
| 005 | 20140310183250.0 | ||
| 008 | 041022s19uu xx 00 eng d | ||
| 020 | _a9780763718589 | ||
| 050 |
_aRT 84.5 _b.P568 2002 |
||
| 100 | _aKenney, Janet W. | ||
| 245 |
_aPhilosophical and theoretical perspectives for advanced nursing practice / _cJanet W. Kenney. |
||
| 250 | _a3rd ed. | ||
| 260 |
_aUSA : _bJones and Barlett Publishing Inc., _c2002. |
||
| 300 |
_a303 p. : _c25 cm. |
||
| 521 | _aNUR | ||
| 650 |
_aNursing _xPhilosophy models. |
||
| 650 | _aNursing theory. | ||
| 650 | _aPhilosophy, Nursing. | ||
| 650 |
_aNursing _xtrends. |
||
| 942 |
_cBK _2lcc _kFOR |
||
| 999 |
_c20762 _d20762 |
||